| 000 | 00757nam a22001817a 4500 | ||
|---|---|---|---|
| 999 |
_c60742 _d60742 |
||
| 005 | 20231018154850.0 | ||
| 008 | 231018s1990ru xxu||||| |||| 00| 0 rus d | ||
| 020 | _a5080005521 | ||
| 041 | _arus | ||
| 080 | _a821-1(37+38) Л- 62 | ||
| 245 |
_aЛирика Древней Эллады и Рима / _cСоставление и комментарии Н. И. Щавелевой. |
||
| 264 |
_aМосква : _bДетская литература, _c1990. |
||
| 300 |
_a192 с.: _b19 см. |
||
| 653 | _aЛирика Древней Эллады и Рима | ||
| 653 | _aძველი ელადისა და რომის ლექსები | ||
| 700 |
_aЩавелевой, Н. И. _eშემდგენელი _920106 |
||
| 942 |
_2udc _cBK |
||